000 002560000a22000970004500
100 1 _aMcKay, K.L.
245 1 0 _aTime and aspect in New Testament Greek
300 _aVol. 34, Num. 3 (Julio, 1992), Páginas 209-228
773 0 _tNovum Testamentum
942 _cANA
999 _c56827
_d56827